000 00435pab a2200169 454500
008 180718b2002 xxu||||| |||| 00| 0 eng d
100 _aGeary, Frank
245 _aExamining Ireland's post-femine economic growth performance
260 _c2002
300 _ap.919-35.
362 _aOct
650 _aEconomic growth - Ireland
650 _aEconomic growth
700 _aStark, Tom
773 _aEconomic Journal
909 _a54447
999 _c54447
_d54447